000
00259 a2200109 4500
001
119699
040
_c
Escola Canadense de Niteroi
245
1
0
_a
Palavrinhas mágicas [Banner]
650
4
_a
Palavrinhas Mágicas
650
4
_a
Língua Portuguesa
942
_c
MATP
999
_c
119699
_d
119699